| 000 | 00876cam a22002775a 4500 | ||
|---|---|---|---|
| 001 | 016821037 | ||
| 003 | OSt | ||
| 005 | 20161123182714.0 | ||
| 008 | 140812s2015 nyua frb 001 0 eng d | ||
| 020 | _a9781259253157 | ||
| 020 | _a1259253155 | ||
| 040 |
_aUk _beng _cUk _dEG-ScBUE _dEG-ScBUE |
||
| 082 | 0 | 4 |
_222 _a005.1 _bPRE |
| 100 | 1 |
_aPressman, Roger S. _911350 |
|
| 245 | 1 | 0 |
_a Software engineering : _ba practitioner's approach / _cRoger S. Pressman, Bruce R. Maxim. |
| 250 | _a8th ed., International ed. | ||
| 260 |
_aNew York : _bMcGraw-Hill Education, _c2015. |
||
| 300 |
_axxx, 941 p. : _bill. ; _c24 cm. |
||
| 500 | _aIndex : p. 933-941. | ||
| 504 | _aBibliography : p. 909-932. | ||
| 650 | 7 |
_2BUEsh _aSoftware engineering. _93832 |
|
| 651 | _2BUEsh | ||
| 653 |
_bCOMSCI _cJune2015 _cFebruary2016 _cNovember2016 |
||
| 700 | 1 | _a Maxim, Bruce R., | |
| 942 | _2ddc | ||
| 999 |
_c20039 _d20011 |
||